Historia mundial contemporánea /

Guardado en:
Autor Principal: Benclowicz, Jorge
Otros Autores: Alonso, Marisa, Bouzigues, María, González Velasco, Carolina
Formato: Libro
Publicado: Buenos Aires : Puerto de Palos
Series:Activa
Materias:
Etiquetas: Agregar Etiqueta
Sin Etiquetas, Sea el primero en etiquetar este registro!
LEADER 01290nam a22002535a 4500
001 CEM.cems011038
005 20080220183158.0
008 130507b######################000#0#####d
003 CEMS
020 |a 9875470457 
082 0 4 |a Z940.5 
100 1 |a Benclowicz, Jorge 
245 1 0 |a Historia mundial contemporánea /  |c Jorge Benclowicz ... [et Al.] 
260 |a Buenos Aires :  |b Puerto de Palos 
300 |a 380 p. 
490 0 |a Activa 
505 0 |a Las revoluciones 1750-1870 -- América Latina 1810-1850 -- La primera revolución industrial 1750-1850 -- La segunda revolución industrial 1850-1914 -- La expansión colonial 1850-1914 -- América Latina 1850-1914 -- La primera guerra mundial 1914-1918 -- El período de entreguerras 1919-1938 -- La segunda guerra mundial 1939-1945 -- América latina 1914-1945 -- La guerra fría 1945-1973 -- La descolonización y el tercer mundo 1945-1970 -- América latina 1945-1973 -- Nuestros días 1973-2001 -- América latina 1973-2001 
653 |a Historia 
653 |a Historia mundial contemporánea 
700 1 |a Alonso, Marisa 
700 1 |a Bouzigues, María 
700 1 |a González Velasco, Carolina 
859 |a CEMS  |b BIB. CEMS - 11 de abril  |h Z940.5  |i B431  |p 21837.02  |t Ej.1 
859 |a CEMS  |b BIB. CEMS - 11 de abril  |h Z940.5  |i B431  |p 22460.04  |t Ej.2